The voice of the Violin (Record no. 6610)

MARC details
005 - DATE AND TIME OF LATEST TRANSACTION
control field 20250709055954.0
020 ## - INTERNATIONAL STANDARD BOOK NUMBER
International Standard Book Number 978-0-330-49299-7
082 ## - DEWEY DECIMAL CLASSIFICATION NUMBER
Classification number 853.9 CAM
100 ## - MAIN ENTRY--PERSONAL NAME
Author name CAMILLERI,A
245 ## - TITLE STATEMENT
Title The voice of the Violin
260 ## - PUBLICATION, DISTRIBUTION, ETC.
Place of publication, distribution, etc. New York
Name of publisher, distributor, etc. Picador
Date of publication, distribution, etc. 2005
300 ## - PHYSICAL DESCRIPTION
Extent 264p.;ill
Dimensions 20cm
942 ## - ADDED ENTRY ELEMENTS (KOHA)
Source of classification or shelving scheme Dewey Decimal Classification
Koha item type Books
Holdings
Date last seen Total checkouts Full call number Barcode Cost, replacement price Price effective from Koha item type Lost status Source of classification or shelving scheme Damaged status Not for loan Withdrawn status Home library Current library Shelving location Date acquired Source of acquisition Cost, normal purchase price
07/09/2025   853.9 CAM MZA0003007 90000.00 07/04/2024 Books   Dewey Decimal Classification       CBE Mwanza CBE Mwanza General Collection 07/04/2024 Donation 30000.00